| 000 | 00646nam a2200205Ia 4500 | ||
|---|---|---|---|
| 001 | 12364 | ||
| 003 | GE_BSU | ||
| 008 | 181216s||||||||xx |||||||||||||| ||und|| | ||
| 040 | _cGE_BSU | ||
| 080 | _a633 | ||
| 245 | _aИнтродукция растении и зеленое строительство | ||
| 245 | _cПод.ред. С.Я.Соколова.Ред.А.С.Лозина | ||
| 250 | _a3-ое | ||
| 260 | _aМосква | ||
| 260 | _bАкад.Наук СССР | ||
| 260 | _c1953 | ||
| 300 | _a399стр.илл.26см. | ||
| 653 | _aИнтродукция растении и зеленое строительство | ||
| 942 | _cBK | ||
| 999 |
_c45539 _d45539 |
||